<?xml version="1.0" encoding="UTF-8"?>
<record
    xmlns:xsi="http://www.w3.org/2001/XMLSchema-instance"
    xsi:schemaLocation="http://www.loc.gov/MARC21/slim http://www.loc.gov/standards/marcxml/schema/MARC21slim.xsd"
    xmlns="http://www.loc.gov/MARC21/slim">

  <leader>01482    a2200157   4500</leader>
  <datafield tag="999" ind1=" " ind2=" ">
    <subfield code="c">25927</subfield>
    <subfield code="d">25927</subfield>
  </datafield>
  <datafield tag="020" ind1=" " ind2=" ">
    <subfield code="a">9780199487608</subfield>
  </datafield>
  <datafield tag="082" ind1=" " ind2=" ">
    <subfield code="a">954.6</subfield>
    <subfield code="b">WAN-W</subfield>
  </datafield>
  <datafield tag="100" ind1=" " ind2=" ">
    <subfield code="a">Wani, Aijaz Ashraf</subfield>
  </datafield>
  <datafield tag="245" ind1=" " ind2=" ">
    <subfield code="a">What happened to governance in Kashmir?</subfield>
  </datafield>
  <datafield tag="260" ind1=" " ind2=" ">
    <subfield code="b">Oxford University Press</subfield>
    <subfield code="c">2019</subfield>
    <subfield code="a">New Delhi</subfield>
  </datafield>
  <datafield tag="300" ind1=" " ind2=" ">
    <subfield code="a">xi, 387p.</subfield>
  </datafield>
  <datafield tag="504" ind1=" " ind2=" ">
    <subfield code="a">Include Bibliography and Index</subfield>
  </datafield>
  <datafield tag="520" ind1=" " ind2=" ">
    <subfield code="a">What Happened to Governance in Kashmir is a telling tale on the state of governance in Kashmir; the policies and strategies adopted by Indian state and the successive patronage governments to grapple with the multifarious problems of the state. Kashmir is an ailing state. It is the victim of colonialism and partition, which subverted its geographical centrality with serious economic implications besides making it a permanent conflict state causing immense human and material loss. Besides being claimed by India, Pakistan, and Kashmiris, it is also a rainbow state very difficult to manage with various ethno-regional and sub-regional nationalities at cross-purposes. Added to this, it is a dependent state. This book situates governance in its total milieu and examines the governance in the framework of challenge and response continuum. It unfolds how in a conflict state like Kashmir democracy and governance is always guided and controlled. This is the first comprehensive book on the post-1947 governance in Kashmir.</subfield>
  </datafield>
  <datafield tag="650" ind1=" " ind2=" ">
    <subfield code="a">Politics and government</subfield>
    <subfield code="v">20th century</subfield>
    <subfield code="z">Jammu and Kashmir</subfield>
    <subfield code="z">India</subfield>
  </datafield>
  <datafield tag="942" ind1=" " ind2=" ">
    <subfield code="2">ddc</subfield>
    <subfield code="c">BK</subfield>
  </datafield>
  <datafield tag="952" ind1=" " ind2=" ">
    <subfield code="0">0</subfield>
    <subfield code="1">0</subfield>
    <subfield code="4">0</subfield>
    <subfield code="7">0</subfield>
    <subfield code="a">NASSDOC</subfield>
    <subfield code="b">NASSDOC</subfield>
    <subfield code="d">2019-12-30</subfield>
    <subfield code="e">OP</subfield>
    <subfield code="g">726.35</subfield>
    <subfield code="i">2019-12-20</subfield>
    <subfield code="l">0</subfield>
    <subfield code="o">954.6 WAN-W</subfield>
    <subfield code="p">50746</subfield>
    <subfield code="r">2019-12-30 00:00:00</subfield>
    <subfield code="v">995.00</subfield>
    <subfield code="w">2019-12-30</subfield>
    <subfield code="y">BK</subfield>
  </datafield>
</record>
